Every South American Country Shape - Statistics

General Stats
  • This quiz has been taken 14,014 times
  • The average score is 9 of 12
Answer Stats
Country % Correct
Brazil
97%
Argentina
91%
Peru
90%
Chile
87%
Bolivia
79%
Venezuela
75%
Uruguay
70%
Ecuador
68%
Paraguay
68%
Guyana
67%
Colombia
66%
Suriname
59%
No matching quizzes found
Score Distribution
Percent of People with Each Score
Percentile by Number Answered
Your Score History
You have not taken this quiz